The whole works of the late Reverend Thomas Boston, of Ettrick: now first collected and reprinted without abridgement; including his memoirs, written by himself
I-II. An illustration of the doctrines of the Christian religion, with respect to faith and practice.--III. Sermons ... and The crook in the lot.--IV. Sermons ... to which is appended The distinguishing characters of real Christians.--V. A soliloquy on the art of man-fishing; with Distinguishing cha...
| Main Author: | |
|---|---|
| Corporate Author: | |
| Contributors: | |
| Format: | Electronic Book |
| Language: | English |
| Check availability: | HBZ Gateway |
| Interlibrary Loan: | Interlibrary Loan for the Fachinformationsdienste (Specialized Information Services in Germany) |
| Published: |
Aberdeen
G. and R. King
1848-52
|
| In: | Year: 1848 |
| Further subjects: | B
Presbyterian Church
Collected works
B Protestantism B Theology 18th century |
| Online Access: |
Volltext (kostenfrei) |
| Sammlungen: |
MARC
| LEADER | 00000cam a22000002c 4500 | ||
|---|---|---|---|
| 001 | 1894317483 | ||
| 003 | DE-627 | ||
| 005 | 20241213054906.0 | ||
| 007 | cr uuu---uuuuu | ||
| 008 | 240705s1848 xx |||||o 00| ||eng c | ||
| 035 | |a (DE-627)1894317483 | ||
| 035 | |a (DE-599)KXP1894317483 | ||
| 035 | |a (PRTC)wholeworksoflate01bost | ||
| 040 | |a DE-627 |b ger |c DE-627 |e rda | ||
| 041 | |a eng | ||
| 050 | 0 | |a BX 8915 | |
| 084 | |a 1 |2 ssgn | ||
| 100 | 1 | |a Boston, Thomas |d 1677-1732 |e VerfasserIn |4 aut | |
| 109 | |a Boston, Thomas 1677-1732 |a Boston, Thomas der Ältere 1677-1732 |a Philalethes, Irenaeus 1677-1732 | ||
| 245 | 1 | 4 | |a The whole works of the late Reverend Thomas Boston, of Ettrick |b now first collected and reprinted without abridgement; including his memoirs, written by himself |c Edited by the Rev. Samuel M'Millan ... |
| 264 | 1 | |a Aberdeen |b G. and R. King |c 1848-52 | |
| 300 | |a 1 Online-Ressource (12 v.) | ||
| 336 | |a Text |b txt |2 rdacontent | ||
| 337 | |a Computermedien |b c |2 rdamedia | ||
| 338 | |a Online-Ressource |b cr |2 rdacarrier | ||
| 500 | |a Each volume has also special t.-p. - --XII. Memoirs of the life, times, and writings, of the Rev. Thomas Boston, written by himself. To which are added original papers and letters | ||
| 520 | |a I-II. An illustration of the doctrines of the Christian religion, with respect to faith and practice.--III. Sermons ... and The crook in the lot.--IV. Sermons ... to which is appended The distinguishing characters of real Christians.--V. A soliloquy on the art of man-fishing; with Distinguishing characters of true believers; and View of this and the other world: together with sundry important sermons.--VI. Sermons and discourses.--VII. An explication of the Assembly's Shorter catechism. Marrow of modern divinity [by Edward Fisher] with notes [by Thomas Boston] and Christ's everlasting espousals.--VIII. Human nature in its fourfold state ... and A view of the covenant of grace from the sacred records.--IX. The posthumous works ... consisting of sixty-six sermons.--X. A series of sermons, also, The Christian life delineated.--XI. Discourses on prayer: View of the covenant of works ... A memorial concerning personal and family fasting and humiliation. | ||
| 650 | 0 | |a Presbyterian Church |x Collected works | |
| 650 | 0 | |a Theology |y 18th century | |
| 655 | 0 | |a Protestantism | |
| 700 | 1 | |a M'Millan, Samuel |e MitwirkendeR |4 ctb | |
| 710 | 2 | |a Princeton Theological Seminary |e MitwirkendeR |4 ctb | |
| 856 | 4 | 0 | |u https://commons.ptsem.edu/id/wholeworksoflate01bost |m X:PRTC |x Digitalisierung |z kostenfrei |7 0 |
| 935 | |a PRTC |a mteo | ||
| 951 | |a BO | ||
| ELC | |a 1 | ||
| LOK | |0 000 xxxxxcx a22 zn 4500 | ||
| LOK | |0 001 4547289115 | ||
| LOK | |0 003 DE-627 | ||
| LOK | |0 004 1894317483 | ||
| LOK | |0 005 20240705123655 | ||
| LOK | |0 008 240705||||||||||||||||ger||||||| | ||
| LOK | |0 035 |a (DE-Tue135)wholeworksoflate01bost | ||
| LOK | |0 040 |a DE-Tue135 |c DE-627 |d DE-Tue135 | ||
| LOK | |0 092 |o n | ||
| LOK | |0 689 |a f |a Book | ||
| LOK | |0 852 |a DE-Tue135 | ||
| LOK | |0 852 1 |9 00 | ||
| LOK | |0 866 |x SPQUE#Theological Commons Princeton | ||
| LOK | |0 935 |a PRTC | ||
| LOK | |0 939 |a 05-07-24 |b l01 | ||
| OAS | |a 1 | ||
| ORI | |a SA-MARC-ixtheoa001.raw | ||